|
|
|
|
| LEADER |
01058nta a2200229 i 4500 |
| 001 |
dokt4414 |
| 005 |
20220331153611.0 |
| 008 |
220331s1997 hu om 0|| hun d |
| 040 |
|
|
|a SZTE Doktori Repozitórium
|b hun
|
| 041 |
|
|
|a hun
|
| 100 |
1 |
|
|a Révész Károly
|
| 245 |
1 |
0 |
|a Felületi kémiai reakciók adalékolt platinafémeken, felületi fotokémiai reakciók
|h [elektronikus dokumentum] :
|b Egyetemi doktori fokozatának PhD fokozattá történő átminősítésére benyújtott tézis /
|c Révész Károly
|
| 260 |
|
|
|c 1997
|
| 502 |
|
|
|a Disszertacio
|
| 650 |
|
4 |
|a kémiai tudományok
|
| 650 |
|
4 |
|a Természettudományok
|
| 650 |
|
4 |
|a Kémiai tudományok
|
| 695 |
|
|
|a Kémia
|
| 700 |
1 |
|
|a nincs megadva
|e ths
|
| 856 |
4 |
0 |
|u https://doktori.bibl.u-szeged.hu/id/eprint/4414/1/1997_revesz_karoly_tezis.pdf
|z Dokumentum-elérés
|
| 856 |
4 |
0 |
|u https://doktori.bibl.u-szeged.hu/id/eprint/4414/2/1997_revesz_karoly_biralat.pdf
|z Dokumentum-elérés
|
| 856 |
4 |
0 |
|u https://doktori.bibl.u-szeged.hu/id/eprint/4414/3/1997_revesz_karoly_publikaciok.pdf
|z Dokumentum-elérés
|